| 000 | 00618 a2200181 4500 | ||
|---|---|---|---|
| 999 |
_c2667 _d2667 |
||
| 020 | _a9067541486 | ||
| 050 | 0 | 0 | _aHN 49 LON 1989 |
| 100 | 1 |
_aLong, Norman _eeditor |
|
| 245 | 1 | 0 |
_aEncounters at the interface : _ba perspective on social discountinuities in rural development / _cedited by Norman Long |
| 264 |
_aNetherlands: _bAgricultural university wageningen, _c1989 |
||
| 300 | _a284 p. | ||
| 440 | 0 | _aWageningen Studie in Sociology ; | |
| 500 | _aincludes bibliographical references | ||
| 650 | _arural development | ||
| 700 |
_aNorman Long _eeditor |
||
| 942 |
_2lcc _cBK _h49 _iLON _kHN |
||